Normal view
MARC view
- AUTOCAD - COMPUTER PROGRAM ENGINEERING GRAPHICS GRAPHICS-ENGINEERING
Entry Topical Term
001 - CONTROL NUMBER
- control field: 62350
003 - CONTROL NUMBER IDENTIFIER
- control field: NUST
005 - DATE AND TIME OF LATEST TRANSACTION
- control field: 20210628202927.0
008 - FIXED-LENGTH DATA ELEMENTS
- fixed length control field: 210628|| aca||aabn | a|a d
040 ## - CATALOGING SOURCE
- Original cataloging agency: NUST
- Transcribing agency: NUST
150 ## - HEADING--TOPICAL TERM
- Topical term or geographic name entry element: AUTOCAD - COMPUTER PROGRAM ENGINEERING GRAPHICS GRAPHICS-ENGINEERING
670 ## - SOURCE DATA FOUND
- Source citation: Work cat.: (NUST): BERTOLINE, GARY R 7936, AUTOCAD FOR ENGINEERING GRAPHICS, 1990
